| 000 | 00449nam a2200181Ia 4500 | ||
|---|---|---|---|
| 005 | 20260429112229.0 | ||
| 008 | 260429s9999||||xx |||||||||||||| ||und|| | ||
| 020 | _a9789355244000 | ||
| 041 | _aEnglish | ||
| 082 |
_a541.33 _bDES |
||
| 100 | _aDesai, K.R. | ||
| 245 | 0 |
_aSurface chemistry / _cK.R. Desai |
|
| 260 |
_aJaipur : _bOxford, _c2024. |
||
| 300 | _avi, 296 p.; hb | ||
| 650 | _a Surface chemistry | ||
| 650 | _aChemistry | ||
| 942 | _cTB | ||
| 999 |
_c53012 _d53012 |
||